The Demolition And The Verdict: Ayodhya And The Project To Reconfigure India (Record no. 41126)
[ view plain ]
| 000 -LEADER | |
|---|---|
| fixed length control field | 00359nam a2200121Ia 4500 |
| 008 - FIXED-LENGTH DATA ELEMENTS--GENERAL INFORMATION | |
| fixed length control field | 240719s9999 xx 000 0 und d |
| 041 ## - LANGUAGE CODE | |
| Language code of text/sound track or separate title | eng |
| 082 ## - DEWEY DECIMAL CLASSIFICATION NUMBER | |
| Classification number | 828 MUK |
| 100 ## - MAIN ENTRY--PERSONAL NAME | |
| Personal name | Mukhopadhyay, Nilanjan |
| 245 ## - TITLE STATEMENT | |
| Title | The Demolition And The Verdict: Ayodhya And The Project To Reconfigure India |
| 260 ## - PUBLICATION, DISTRIBUTION, ETC. | |
| Place of publication, distribution, etc. | Delhi |
| Name of publisher, distributor, etc. | Speaking Tiger |
| Date of publication, distribution, etc. | 2021 |
| 300 ## - PHYSICAL DESCRIPTION | |
| Extent | 317 P.; 22 Cm |
| Withdrawn status | Lost status | Damaged status | Not for loan | Home library | Current library | Shelving location | Date acquired | Full call number | Barcode | Date last seen | Price effective from | Koha item type |
|---|---|---|---|---|---|---|---|---|---|---|---|---|
| IMTN | IMTN | Rack 42-A | 04/02/2022 | 828 MUK | 32821 | 07/19/2024 | 07/19/2024 | Books |